000 00522cam a2200169 a 4500
001 000025386
005 20200930023742.0
008 901219s2003 cu 000 | spa d
040 _aDO-SdBNP
_bspa
_cBNPHU
082 _axxx
_bM358e
100 1 _aMarrero, Leví
_946889
245 1 0 _aEscrito ayer :
_bpapeles cubanos /
_cLeví Marrero.
260 _a[Puerto Rico] :
_bCapiro,
_c2003.
_eSanto Domingo,
_fTaller
300 _a318 p. ;
_c23 cm.
500 _aIncluye referencia bibliográfico al pie de páginas
049 _aBNGR
999 _c24878
_d24878